00467nam a2200157Ia 4500003000400000005001700004008004100021020002200062040002900084050002200113100005400135245004100189260002900230300000900259650004100268OSt20240603113232.0230222s9999||||xx |||||||||||||| ||und|| a978-0-7020-4358-1 cChuka University Library aQP 34.5bS44 2005 aSeeley,Rod R., Trent D. Stephens and Philip Tate 0aEssentials of anatomy and physiology aMcGrawhillbBostonc2005 a610p aessentials of Anatomy and physiology